| 000 | 00934cam a22002411i 4500 | ||
|---|---|---|---|
| 003 | BD-RjUL | ||
| 005 | 20250216143133.0 | ||
| 008 | 250217s1937 pk b 000 0 perrd | ||
| 035 | _a(BD-RjUL) | ||
| 040 |
_aEEM _beng _cEEM _dGZM _d(BD-RjUL) |
||
| 041 | _aper | ||
| 082 | 0 | 4 |
_a891.551009 _223 _bNAS 1937 |
| 100 | 1 |
_aنسیم رضوانی ،محمد باقر ;;Naseem Rizwani, Muhammad Baqir _911896 |
|
| 245 | 1 | 0 |
_aشعرائے پنجاب، عصر حاضر / Shuʻarā-yi Panjāb, ʻaṣr-i ḥāẓir _cمحمد باقر نسیم رضوانی ;; Muhammad Baqir Naseem Rizwani |
| 246 | 3 | _aTazkara-e-Shuāarā-e-Punjab | |
| 260 |
_aPanjab : _bگجرات پرنٹنگ پریس, _c1937 |
||
| 300 |
_a306 pages ; _c20 cm |
||
| 650 |
_aPoets, _vUrdu Pakistan Punjab _x Biography _915007 |
||
| 650 |
_aBiographies _z Pakistan Punjab _915008 |
||
| 650 |
_aUrdu poetry _z Pakistan Punjab _915009 |
||
| 942 |
_2ddc _cBK |
||
| 999 |
_c84691 _d84691 |
||